| 000 | 01660nam0a2200385 4500 | ||
|---|---|---|---|
| 001 | RU\NLR\bibl\508178 | ||
| 005 | 20250609141905.0 | ||
| 010 |
_a5-88880-114-3 _95000 |
||
| 021 |
_aRU _b2003-75351 _93727 |
||
| 035 | _aRSL-KNO-002397941 | ||
| 035 | _a(NLR Aleph) 000500704 | ||
| 090 |
_a1171749 _c1171749 |
||
| 100 | _a20040114d2003 |||y0rusy50 ca | ||
| 101 | 0 | _arus | |
| 102 | _aRU | ||
| 105 | _aa ||||||||| | ||
| 106 | _ar | ||
| 200 | 1 |
_aПодростки и наркотики: опыт исследования _fЕ.Л. Омельченко _gМ-во образования Рос. Федерации |
|
| 210 |
_aМ. _cГЕНЖЕР _d2003 _eОАО Щербинская тип. |
||
| 215 |
_a155 с. _cил. _d21 |
||
| 225 | 1 |
_aВ помощь образовательному учреждению: "Профилактика злоупотребления психоактивными веществами" _fСост.: Г.Н. Тростанецкая, А.А. Гериш, к.м.н. |
|
| 300 | _aНа обл. авт. не указан | ||
| 320 | _aБиблиогр.: с. 149-154 | ||
| 606 | 0 |
_aНаркомания у подростков _xПрофилактика _91735775 _3RU\NLR\auth\66776237 |
|
| 606 | 0 |
_aНаркомания подростков _xПрофилактика _92115350 _3RU\NLR\auth\661277979 |
|
| 686 | _aР733.645.1-8 | ||
| 686 | _aС550.8 | ||
| 686 | _aС550.325.2 | ||
| 700 | 1 |
_aОмельченко _bЕ. Л. _gЕлена Леонидовна _4070 |
|
| 801 | 0 |
_aRU _bRuMoRKP _c20040114 _gPSBO |
|
| 801 | 1 |
_aRU _bRuMoRKP _c20040114 |
|
| 801 | 2 |
_aRU _bNLR _c20040406 _gPSBO |
|
| 942 | _cBOOK | ||
| 980 | _aNB | ||